İçeriği atla
Inicio
Centros participantes
Catálogo
Servicios
Contacto
Giriş
English
Deutsch
Español
Français
Italiano
日本語
Nederlands
Português
Português (Brasil)
中文(简体)
中文(繁體)
Türkçe
עברית
Gaeilge
Cymraeg
Ελληνικά
Català
Euskara
Русский
Čeština
Suomi
Svenska
polski
Dansk
slovenščina
اللغة العربية
বাংলা
Galego
Tiếng Việt
Hrvatski
हिंदी
Հայերէն
Українська
Sámegiella
Dil
Tüm Alanlar
Materyal Adı
Yazar
Konu
Yer Numarası
ISBN/ISSN
Etiket
Ara
Gelişmiş
Informe de actividades agosto...
Alıntıla
E-posta Gönder
Yazdır
Kaydı İhraç Et
İhraç Et RefWorks
İhraç Et EndNoteWeb
İhraç Et EndNote
Favorilerime ekle
Kalıcı bağlantı
İlk derecelendirmeyi ekleyin
Informe de actividades agosto 1983-julio 1985
Kaydedildi:
Detaylı Bibliyografya
Müşterek Yazar:
FLACSO
Materyal Türü:
Metin
Baskı/Yayın Bilgisi:
San José:
FLACSO
Etiketler:
Etiketle
Etiket eklenmemiş, İlk siz ekleyin!
Erişim Bilgileri
Diğer Bilgiler
Yorumlar
Benzer Materyaller
MARC Görünümü
MARC
LEADER
00000 a a2200000 04500
001
21079
003
040
090
|a
091200
110
|a
FLACSO
245
|a
Informe de actividades agosto 1983-julio 1985
260
|a
San José:
|b
FLACSO
300
|a
16 p.
999
|c
14425
|d
14425
Benzer Materyaller
Notas para el estudio económico de América Latina y el Caribe, 1985 Honduras /
Las Promesas de Duarte en favor de los derechos humanos: informe sobre la situación de los derechos humanos en El Salvador durante el primer trimestre de 1985 /
Constitución de la República de Nicaragua
Crónica de una guerra no imaginaria
Responsabilidad de la enseñanza superior con respecto a las exigencias del desarrollo y de la democratización de la educación superior en América Latina (universidad y crítica de la cultura en América Latina)
Yazar:: Najenson, José Luis